000 00291nam a22001337a 4500
008 170404b xxu||||| |||| 00| 0 eng d
020 _a9780023317002
041 _aeng
080 _a574
100 _a9
101 _aSHM
245 _aTHE SCIENCE OF ECOLOGY
_cEHRLICH, P.R
942 _2udc
_cBK
999 _c9626
_d9626